NHL 2013-14 rookies - Statistics

General Stats
  • This quiz has been taken 12 times
  • The average score is 22 of 36
Answer Stats
Current team + number Position Answer % Correct
Maple Leafs 44 Defenseman Morgan Rielly
91%
Avalanche 29 Forward Nathan MacKinnon
82%
Panthers 16 Forward Aleksander Barkov
73%
Canadiens 11 Forward Brendan Gallagher
73%
Islanders 29 Forward Brock Nelson
73%
Ducks 36 Goaltender John Gibson
73%
Panthers 11 Forward Jonathan Huberdeau
73%
Sharks 31 Goaltender Martin Jones
73%
Wild 24 Defenseman Matt Dumba
73%
Lightning 86 Forward Nikita Kucherov
73%
Flames 23 Forward Sean Monahan
73%
Blue Jackets 3 Defenseman Seth Jones
73%
Sharks 48 Forward Tomas Hertl
73%
Lightning 9 Forward Tyler Johnson
73%
Maple Leafs 31 Goaltender Frederik Andersen
64%
Maple Leafs 36 Goaltender Jack Campbell
64%
Rangers 8 Defenseman Jacob Trouba
64%
Canucks 9 Forward J.T. Miller
64%
Lightning 18 Forward Ondrej Palat
64%
Hurricanes 34 Goaltender Peter Mrazek
64%
Avalanche 31 Goaltender Philipp Grubauer
64%
Sabres 55 Defenseman Rasmus Ristolainen
64%
Capitals 43 Forward Tom Wilson
64%
Canadiens 73 Forward Tyler Toffoli
64%
Blues 91 Forward Vladimir Tarasenko
64%
Predators 9 Forward Filip Forsberg
55%
Wild 25 Defenseman Jonas Brodin
55%
Maple Leafs 12 Forward Alex Galchenyuk
45%
Bruins 13 Forward Charlie Coyle
45%
Hurricanes 19 Defenseman Dougie Hamilton
45%
Canucks 70 Forward Tanner Pearson
45%
Sabres 28 Forward Zemgus Girgensons
45%
Lightning 17 Forward Alex Killorn
36%
Islanders 44 Forward Jean-Gabriel Pageau
36%
Ducks 67 Forward Rickard Rakell
36%
Stars 45 Defenseman Sami Vatanen
9%
No matching quizzes found
Score Distribution
Percent of People with Each Score
Percentile by Number Answered
Your Score History
You have not taken this quiz